Metamorfózy marketingu

S vývojom trhu sa menia aj formy komunikácie so zákazníkom. Vývoj marketingového mixu. Zmeny foriem komunikácie v jednotlivých etapách trhu. Zmeny v chápaní funkcie firemnej komunikácie. Manažéri a odmeňovanie. Základné časti odmeňovacieho mixu. Pomer medzi nepeňažnými odmenami manažérov ČR a EÚ.

Enregistré dans:
Détails bibliographiques
Auteur principal: Polakovič, Ivan
Format: Chapitre de livre
Langue:slovaque
Sujets:
Tags: Ajouter un tag
Pas de tags, Soyez le premier à ajouter un tag!

MARC

LEADER 00000naa a2200000 4500
001 r045899
005 20230920074746.4
041 0 |a slo 
044 |a SK 
245 1 0 |a Metamorfózy marketingu  |c Ivan Polakovič 
520 |a S vývojom trhu sa menia aj formy komunikácie so zákazníkom. Vývoj marketingového mixu. Zmeny foriem komunikácie v jednotlivých etapách trhu. Zmeny v chápaní funkcie firemnej komunikácie. Manažéri a odmeňovanie. Základné časti odmeňovacieho mixu. Pomer medzi nepeňažnými odmenami manažérov ČR a EÚ. 
610 2 0 |a marketing 
610 2 0 |a marketing mix 
610 2 0 |a manažéri 
610 2 0 |a komunikácia manažérska 
610 2 0 |a komunikácia marketingová 
610 2 0 |a zákazníci 
610 2 0 |a trh 
610 2 0 |a odmeňovanie 
610 2 0 |a kultúra podniková 
100 1 |a Polakovič, Ivan